000 00700cab a2200229 4500
001 WB3512-10
008 090401t1999 xxu||||| |||| 00| 0 eng d
035 _a(Sirsi) u92376
041 _aeng
245 _aMarket buoyant
260 _c1999
350 _a0
490 _aBirmingham Post
_v25 March 1999, 38(1)
520 _aDiscusses the industrial property market in Telford, where the market is buoyant and there are a wide variety of properties available for rent.
650 _aINDUSTRIAL MARKET
650 _aINDUSTRIAL RENTS
650 _aTELFORD
650 _aWAREHOUSES
690 _aPROPERTY-COMMERCIAL PROPERTY-COMMERCIAL PROPERTY MARKET
942 _n0
948 _c25/03/1999
999 _c58566
_d58566